000 00276nam a2200133Ia 4500
008 220613s9999||||xx |||||||||||||| ||und||
100 _aJ P RICHIE
245 0 _aUROLOGIC ONCOLOGY
250 _aXX
260 _bSAUNDERS
300 _a812
650 _aUrology
942 _cSURG
999 _c7888
_d7888